000 01062nam a2200229Ia 4500
003 Ost
005 20260507075411.0
008 260507s9999||||xx |||||||||||||| ||und||
020 _a8177212977
040 _cfsecg
041 _aara
082 _a330
100 _aمهنا، محمد نصر
_eمؤلف
245 0 _aفي تنظير الإعلام :
_bالفضائيات العربية- العولمة الإعلامية- المعلوماتية /
_c محمد نصر مهنا
260 _aالإسكندرية:
_bمؤسسة شباب الجامعة,
_c2009
300 _a523 صفحة؛
_bإيضاحات ؛
_c25 سم
520 _aتمهيد في الرأي العام والعولمة الإعلامية، جهود التنظير، الرأي العام والإعلام، الإعلام الجماهيري بين السينما والتلفزيون، الإعلام العربي المعاصر
653 _aالإعلام - الإعلان
653 _aالإعلام- فلسفة ونظريات
653 _aالرأي العام
942 _cكتاب
999 _c44402
_d44402